La información en la empresa / (Record no. 82400)

MARC details
000 -LEADER
campo de control de longitud fija 00578nam a2200181 i 4500
001 - NÚMERO DE CONTROL
campo de control 82400
003 - IDENTIFICADOR DE NÚMERO DE CONTROL
campo de control ES-MaACL
005 - FECHA Y HORA DE LA ÚLTIMA TRANSACCIÓN
campo de control 20230906174651.0
007 - CAMPO FIJO DE DESCRIPCIÓN FÍSICA--INFORMACIÓN GENERAL
campo de control de longitud fija t|
008 - DATOS DE LONGITUD FIJA--INFORMACIÓN GENERAL
campo de control de longitud fija 041110s1965 sp ||||1| spa d
245 03 - MENCIÓN DEL TÍTULO
Título La información en la empresa /
Mención de responsabilidad, etc. N. Müller ... [et al.] ; [traducción de Isidro Lliró Jubert].
260 ## - PUBLICACIÓN, DISTRIBUCIÓN, ETC.
Lugar de publicación, distribución, etc. Madrid :
Nombre del editor, distribuidor, etc. Rialp,
Fecha de publicación, distribución, etc. 1965.
300 ## - DESCRIPCIÓN FÍSICA
Extensión 187 p., 8 lám. ;
Dimensiones 25 cm.
650 #4 - PUNTO DE ACCESO ADICIONAL DE MATERIA--TÉRMINO DE MATERIA
Término de materia o nombre geográfico como elemento de entrada Empresas-
Subdivisión general Servicios de información.
9 (RLIN) 140504
700 1# - ENTRADA AGREGADA--NOMBRE PERSONAL
Nombre de persona Müller, N.
9 (RLIN) 84136
700 1# - ENTRADA AGREGADA--NOMBRE PERSONAL
Nombre de persona Lliró Jubert, Isidro.
9 (RLIN) 72790
852 ## - LOCALIZACIÓN
Ubicación ES-MaACL
Número de control de estantería C-26705
Sublocalización o colección R.55947
Holdings
Estatus retirado Estado de pérdida Estado de daño No para préstamo Biblioteca de origen Biblioteca actual Ubicación en estantería Fecha de adquisición Fuente de adquisición Total de préstamos Signatura topográfica completa Código de barras Visto por última vez Precio de reemplazo Tipo de ítem Koha
        Biblioteca del Ateneo de Madrid Biblioteca del Ateneo de Madrid Depósito 2 17/01/2008     C-26705 1086116 23/02/2023 23/02/2023 Libro impreso